00770nam a22002057a 450000500170000001000150001702000260003203500130005803700130007108200120008424500940009626000340019027000720022430000220029650000520031860000690037065000460043965000550048570000240054020141013130213.0 aENG-110999 a9789384082031c595.00 aEN-94531 bDBAD/PUB a891.499 aLiterature as history :cedited by Chhanda Chatterjeebfrom early to contemporary times / aNew DelhibPrimus Booksc2014 aVirat Bhavan, Mukherjee Nagar Commercial ComplexbNew Delhie110009 ax,176p.c25cm(Hb) a Includes bibliographical references and index. aTagore, Rabindranath, d1861-1941xCriticism and interpretation. aIndic literature xHistory and criticism. aIndic literature (English)xHistory and criticism. aChatterjee, Chhanda